000 00268 a2200097 4500
001 33826
100 _aChiragh, Muhammad Ali
245 _aPakistan: Tarikh, Jamhoriyat, Siysat, Aayin 1947-1990 [Urdu]
260 _aLahore
_bSange Meel Pub
_c2004
090 _c22480
_d22480
942 _aNUST-CAE
_cM
_c13870
999 _c268899
_d268899